Teams who beat England in Rugby - Statistics

General Stats
  • This quiz has been taken 33 times
    13 since last reset
  • The average score is 7 of 41
Answer Stats
Year Tournement Score Stage Teams % Correct
2022 Six Nations 25 - 13 R5 France
100%
2022 Six Nations 32 - 15 R4 Ireland
92%
2022 Six Nations 20 - 17 R1 Scotland
85%
2021 Six Nations 40 - 24 R2 Wales
85%
2021 Six Nations 11 - 6 R1 Scotland
69%
2020 Six Nations 24 - 17 R1 France
54%
2019 World Cup 32 - 12 Final South Africa
54%
2019 Six Nations 21 - 13 R3 Wales
38%
2018 Six Nations 22 - 16 R4 France
31%
2018 Six Nations 15 - 24 R5 Ireland
31%
2018 Six Nations 25 - 13 R3 Scotland
15%
2015 World Cup 13 - 33 GS Australia
8%
2017 Six Nations 13 - 9 R5 Ireland
8%
2015 World Cup 25 - 28 GS Wales
8%
2014 Six Nations 26 - 24 R1 France
0%
2011 World Cup 12 - 19 QF France
0%
2010 Six Nations 12 - 10 R5 France
0%
2006 Six Nations 31 - 5 R4 France
0%
2005 Six Nations 17 - 18 R2 France
0%
2004 Six Nations 24 - 21 R5 France
0%
2002 SIx Nations 20 - 15 R3 France
0%
2015 Six Nations 19 - 9 R3 Ireland
0%
2011 Six Nations 24 - 8 R5 Ireland
0%
2010 Six Nations 16 - 20 R3 Ireland
0%
2009 Six Nations 14 - 13 R3 Ireland
0%
2007 Six Nations 43 - 13 R3 Ireland
0%
2006 Six Nations 24 - 28 R5 Ireland
0%
2005 Six Nations 19 - 13 R3 Ireland
0%
2004 Six Nations 13 - 19 R3 Ireland
0%
2001 Six Nations 20 - 14 R5 Ireland
0%
2008 Six Nations 15 - 9 R4 Scotland
0%
2006 Six Nations 18 - 12 R3 Scotland
0%
2000 Six Nations 19 - 13 R5 Scotland
0%
2007 World Cup 6 - 15 Final South Africa
0%
2007 World Cup 0 - 36 GS South Africa
0%
2013 Six Nations 30 - 3 R5 Wales
0%
2012 Six Nations 12 - 19 R3 Wales
0%
2009 Six Nations 23 - 15 R2 Wales
0%
2008 Six Nations 19 - 26 R1 Wales
0%
2007 Six Nations 27 - 18 R5 Wales
0%
2005 Six Nations 11 - 9 R1 Wales
0%
No matching quizzes found
Score Distribution
Percent of People with Each Score
Percentile by Number Answered
Your Score History
You have not taken this quiz since the last reset